000 00709 a2200205 4500
020 _a0356047415
020 _a9780356047416
090 _c1375
_d1375
100 1 _aSellers, L.
245 1 0 _aCharleston business on the eve of the revolution /
_cL. Sellers.
260 _a[S.l.] :
_bMacdonald and Jane's,
_c1974.
300 _a259 p.
490 1 _aMacdonald maritime history ser.
500 _aImport.
500 _aHardcover.
830 0 _aMacdonald maritime history ser.
856 4 0 _3Amazon.com
_uhttp://www.amazon.com/exec/obidos/ASIN/0356047415/chopaconline-20
856 4 0 _3Amazon customer reviews
_uhttp://www.chopac.org/cgi-bin/tools/azrev.pl?q=0356047415
942 _aNBS
_cBK
_k381.10975915 SEL
999 _c343897
_d343897